A Critical Reader For Literary Theory/ (Record no. 187315)

MARC details
000 -LEADER
fixed length control field 00589nam a22001817a 4500
005 - DATE AND TIME OF LATEST TRANSACTION
control field 20220412124118.0
010 ## - LCCN (DPL NO)
LC control number ENG-132283
020 ## - INTERNATIONAL STANDARD BOOK NUMBER
International Standard Book Number 9789383848225
Terms of availability 595.00
035 ## - SYSTEM CONTROL NUMBER
System control number EN-115815
037 ## - SOURCE OF ACQUISITION
Source of stock number/acquisition DBAD/PUB
082 ## - DEWEY DECIMAL CLASSIFICATION NUMBER
Classification number 801
245 ## - TITLE STATEMENT
Title A Critical Reader For Literary Theory/
Statement of responsibility, etc Edited by Anjana Neira Dev
260 ## - PUBLICATION, DISTRIBUTION, ETC. (IMPRINT)
Place of publication, distribution, etc New Delhi
Name of publisher, distributor, etc Pinnacle Learning
Date of publication, distribution, etc 2017
270 ## - ADDRESS
City New Delhi
Address 24, DDA Shopping Complex Ber Sarai
Postal code 110016
Electronic mail address pinnaclebooks1@gmail.com
300 ## - PHYSICAL DESCRIPTION
Extent ix, 496p.
Dimensions 23cm(pbk)
700 ## - ADDED ENTRY--PERSONAL NAME
Personal name Edited by Dev, Anjana Neira
942 ## - ADDED ENTRY ELEMENTS (KOHA)
Source of classification or shelving scheme Dewey Decimal Classification
Item type English Books
Call number suffix CRI
Classification part 801
Holdings
Withdrawn status Lost status Not for loan Collection code Home library Current library Date acquired Source of acquisition Cost, normal purchase price Full call number Barcode Copy number Cost, replacement price Koha item type
      Non-fiction Patel Nagar Patel Nagar 12/04/2022 DBAD/PUB 595.00 801 CRI EN-115815 1 595.00 English Books

© Delhi Public Library
Hit Counter
free hit counter